000 00698cab a2200205 4500
001 ABS47335
008 090401t1992 xxu||||| |||| 00| 0 eng d
035 _a(Sirsi) u61652
041 _aeng
100 _aHarpum, C.
245 _aConstruction of conditional contracts and the effect of delay in completion
260 _c1992
350 _a0
490 _aConveyancer & Property Lawyer
_vSeptember/October 1992, 318-329(12)
520 _aDiscusses the case "Graham v Pitkin" (Abs46297) which concerned the effects of unreasonable delay in the completion of a contract for sale.
650 _aCONTRACT FOR SALE
690 _aPROPERTY LAW AND PRACTICE
942 _n0
948 _c04/03/1997
999 _c38238
_d38238